[Event "2019 Steve Boniface Memorial Congress O"]
[Site "Bristol"]
[Date "2019.06.22"]
[Round "2.11"]
[White "Brown, Tom"]
[Black "Stubbs, Oliver"]
[Result "1-0"]
[WhiteElo "2081"]
[BlackElo "1870"]
[PlyCount "53"]
[EventDate "2019.06.21"]

{[%evp 0,19,18,26,17,-13,37,43,34,31,37,31,47,37,44,31,34,34,32,35,82,57]} 1.
d4 Nf6 2. c4 g6 3. Nc3 Bg7 4. e4 d6 5. Nf3 O-O 6. Be2 e5 7. O-O exd4 8. Nxd4
Re8 9. f3 c6 10. Bf4 Qb6 11. Na4 Qa5 12. Bxd6 Nfd7 13. b3 c5 14. Nb5 Bxa1 15.
Qxa1 Na6 16. Nac3 Nb6 17. e5 Be6 18. Ne4 Nd7 19. Qc1 Kg7 20. f4 Qd8 21. Bf3 Qc8
22. g4 Nf8 23. Nf6 Rd8 24. f5 gxf5 25. Qg5+ Ng6 26. Nh5+ Kg8 27. Qf6 1-0

[Event "2019 Steve Boniface Memorial Congress O"]
[Site "Bristol"]
[Date "2019.06.22"]
[Round "2.12"]
[White "Garcia Hernandez, Oscar"]
[Black "Paleri, Adithya P"]
[Result "1-0"]
[WhiteElo "2068"]
[BlackElo "1854"]
[PlyCount "61"]
[EventDate "2019.06.21"]

1. e4 d6 2. d4 Nf6 3. Nc3 g6 4. Bg5 Bg7 5. Qd2 h6 6. Bh4 O-O 7. O-O-O c6 8. f4
b5 9. Bd3 b4 10. Nce2 a5 11. Nf3 Na6 12. e5 Nd5 13. f5 Bxf5 14. Bxf5 gxf5 15.
Ng3 Qd7 16. Nh5 Qe6 17. g4 fxg4 18. Rhg1 f5 19. exf6 exf6 20. h3 f5 21. hxg4
fxg4 22. Nh2 Qf5 23. Nxg7 Kxg7 24. Rdf1 Qh7 25. Rxg4+ Kh8 26. Rfg1 b3 27. axb3
Ra7 28. Rg6 Rf4 29. Qxf4 Nxf4 30. Bf6+ Rg7 31. Rxg7 1-0

[Event "2019 Steve Boniface Memorial Congress O"]
[Site "Bristol"]
[Date "2019.06.22"]
[Round "2.13"]
[White "Pugh, Derek C"]
[Black "Cizek, Ondrej"]
[Result "1-0"]
[WhiteElo "2059"]
[BlackElo "1846"]
[PlyCount "149"]
[EventDate "2019.06.21"]

1. Nc3 d5 2. e4 d4 3. Nce2 e5 4. Ng3 Be6 5. Nf3 f6 6. Bb5+ c6 7. Ba4 Nh6 8. Bb3
Qd7 9. O-O Bc5 10. d3 Nf7 11. Bxe6 Qxe6 12. Nf5 O-O 13. N3h4 Nd6 14. Qg4 Nxf5
15. Nxf5 Qd7 16. Bh6 Rf7 17. f4 Kh8 18. fxe5 gxh6 19. Nxh6 Qxg4 20. Nxg4 Na6
21. exf6 h5 22. Ne5 Rh7 23. Rf5 Bd6 24. Ng6+ Kg8 25. e5 Kf7 26. Nf4 Bf8 27. e6+
Ke8 28. Nxh5 Nc7 29. Re1 Nd5 30. Rg5 Rh8 31. Rf1 Bh6 32. Ng7+ Bxg7 33. Rxg7 Rb8
34. Rf3 Rf8 35. Rg6 Nc7 36. e7 Rh8 37. Rg4 Ne6 38. h4 Kf7 39. c3 c5 40. Re4 Rh6
41. Rf5 Rxf6 42. g4 Re8 43. Rh5 Rxe7 44. g5 Rg6 45. Rh8 Rg8 46. Rh6 Rg6 47. Rh8
b6 48. Re5 Kg7 49. Rc8 dxc3 50. bxc3 Rd7 51. Rc6 Nf4 52. Rxg6+ Nxg6 53. Re4 Rd5
54. Kf2 Ne5 55. d4 cxd4 56. cxd4 Nc6 57. Ke3 Rd6 58. a4 Kg6 59. Kd3 Nd8 60. Rf4
Kh5 61. Kc4 Ne6 62. Re4 Nc7 63. Rf4 Re6 64. Kd3 Nd5 65. Rf7 a5 66. Rh7+ Kg4 67.
Kc4 Nf4 68. Rh6 Re8 69. d5 Re1 70. Kd4 Rd1+ 71. Ke4 Nxd5 72. g6 Ne7 73. g7 Rd8
74. Rxb6 Nf5 75. Rg6+ 1-0

[Event "2019 Steve Boniface Memorial Congress O"]
[Site "Bristol"]
[Date "2019.06.22"]
[Round "2.14"]
[White "Graham, Cassie M"]
[Black "Turner, Joseph D"]
[Result "1-0"]
[WhiteElo "1983"]
[BlackElo "1844"]
[PlyCount "105"]
[EventDate "2019.06.21"]

1. e4 e5 2. Nf3 Nc6 3. Bc4 Bc5 4. d3 d6 5. c3 a6 6. Bb3 Nf6 7. Nbd2 h6 8. h3
Ba7 9. Nf1 Qe7 10. g4 Be6 11. Ng3 O-O-O 12. Ba4 Nb8 13. Qe2 Nbd7 14. Be3 Bxe3
15. Qxe3 Nc5 16. Bc2 c6 17. d4 Ncd7 18. O-O-O exd4 19. Nxd4 d5 20. e5 Ne8 21.
f4 g6 22. f5 Bxf5 23. gxf5 Qxe5 24. Qxe5 Nxe5 25. Rhe1 Nd7 26. fxg6 fxg6 27.
Bxg6 Rg8 28. Ngf5 Kb8 29. Bxe8 Rdxe8 30. Rxe8+ Rxe8 31. Nxh6 Ne5 32. Ng4 Nc4
33. Rh1 c5 34. Nc2 Re2 35. Rd1 Nb6 36. Nge3 Rh2 37. Nxd5 Nxd5 38. Rxd5 Rh1+ 39.
Rd1 Rxh3 40. Re1 Kc7 41. Kd2 Kd6 42. Ne3 b5 43. Rg1 Kc6 44. Rg6+ Kb7 45. a3 Rh7
46. Nf5 Rh2+ 47. Kc1 Rh1+ 48. Kc2 Rh2+ 49. Kb1 Rh1+ 50. Ka2 Rf1 51. Nd6+ Ka7
52. Ne4 Rf5 53. Rg5 1-0

[Event "2019 Steve Boniface Memorial Congress O"]
[Site "Bristol"]
[Date "2019.06.22"]
[Round "2.15"]
[White "Fowler, Hugo"]
[Black "Bolt, Graham"]
[Result "1/2-1/2"]
[WhiteElo "1796"]
[BlackElo "1979"]
[PlyCount "160"]
[EventDate "2019.06.21"]

1. e4 g6 2. d4 Bg7 3. Nf3 d6 4. Nc3 a6 5. a4 b6 6. Be2 Bb7 7. O-O Nd7 8. d5
Ngf6 9. Nd4 O-O 10. f4 Nc5 11. Bf3 e5 12. fxe5 dxe5 13. Nde2 a5 14. Be3 Qe7 15.
Qe1 h6 16. Qf2 Nfd7 17. Bg4 Nxe4 18. Nxe4 f5 19. Qg3 fxg4 20. Qxg4 Kh7 21. c4
Rad8 22. Qh3 Rxf1+ 23. Rxf1 Rf8 24. Ng5+ Kg8 25. Ne6 Rxf1+ 26. Kxf1 Nf8 27.
Nxg7 Qxg7 28. Bxh6 Qf6+ 29. Kg1 e4 30. Qc3 Nd7 31. Qxf6 Nxf6 32. Bg5 Kf7 33.
Nc3 c6 34. dxc6 Bxc6 35. Kf2 Ng4+ 36. Kg3 Ne5 37. b3 Nd3 38. Bd8 Nc5 39. Bxb6
Nxb3 40. c5 Ke6 41. Kf4 e3 42. Kxe3 Bxg2 43. Kf4 Bc6 44. Kg5 Be8 45. Kf4 Bc6
46. h4 Nc1 47. Kg5 Be8 48. Bxa5 Nb3 49. Bb6 Nd4 50. a5 Nf3+ 51. Kg4 Ne5+ 52.
Kf4 Nd3+ 53. Ke4 Nb4 54. Ne2 Bc6+ 55. Kf4 Be8 56. Kg5 Kf7 57. Nf4 Kg7 58. Ne6+
Kf7 59. Nc7 Bc6 60. a6 Nd5 61. Nxd5 Bxd5 62. Bd8 Ba8 63. Kf4 Ke6 64. Bb6 Bc6
65. Ke3 Kd5 66. a7 Bb7 67. Kd3 Bc6 68. Kc3 Bb7 69. Kb4 Ke6 70. Kb5 Kd7 71. Ba5
Bg2 72. Kc4 Bc6 73. Kd4 Ke6 74. Bd2 Bg2 75. Kc4 Bc6 76. Be3 Ke5 77. Kb4 Ke6 78.
Bf2 Kd7 79. Ka5 Bg2 80. Kb6 Bc6 1/2-1/2

[Event "2019 Steve Boniface Memorial Congress O"]
[Site "Bristol"]
[Date "2019.06.22"]
[Round "2.16"]
[White "Hosdurga, Chirag"]
[Black "Kan, Toby"]
[Result "1/2-1/2"]
[WhiteElo "1937"]
[BlackElo "1550"]
[PlyCount "43"]
[EventDate "2019.06.21"]

{[%evp 0,43,28,28,24,4,9,37,54,73,80,45,75,70,99,56,49,24,58,25,41,21,21,21,21,
0,6,15,23,-28,-30,-23,-35,-81,126,116,343,326,304,160,344,65,4,-120,-109,-109]
} 1. d4 Nf6 2. c4 c5 3. d5 e6 4. Nc3 exd5 5. cxd5 d6 6. e4 g6 7. f4 Bg7 8. Bb5+
Nfd7 9. a4 O-O 10. Nf3 Na6 11. O-O Nb4 12. Re1 a6 13. Bf1 Re8 14. h3 f5 15. Ng5
Nf8 16. Bc4 Qf6 17. e5 dxe5 18. d6+ Be6 19. Nxe6 Nxe6 20. fxe5 Qh4 21. d7 Qxc4
22. dxe8=Q+ 1/2-1/2

[Event "2019 Steve Boniface Memorial Congress O"]
[Site "Bristol"]
[Date "2019.06.22"]
[Round "2.17"]
[White "Williams, Stephen M"]
[Black "Hussain, Adam"]
[Result "1-0"]
[WhiteElo "1899"]
[BlackElo "1475"]
[PlyCount "121"]
[EventDate "2019.06.21"]

1. d4 e6 2. Nf3 b6 3. e4 Bb7 4. Bd3 c5 5. O-O Nf6 6. e5 Ne4 7. Qe2 f5 8. exf6
Nxf6 9. Bg5 Be7 10. dxc5 Bxc5 11. Nc3 O-O 12. Ne4 Be7 13. Rad1 Nd5 14. Nd6 Bc6
15. Qe5 a5 16. Be4 Nf6 17. Rfe1 Nxe4 18. Nxe4 Rf5 19. Bxe7 Qxe7 20. Qxf5 exf5
21. Nd6 Qf8 22. Re8 Qxe8 23. Nxe8 Na6 24. Nd6 g6 25. Ne5 Nb4 26. c3 Nd5 27. g3
Rd8 28. h4 f4 29. c4 Ne7 30. gxf4 Rf8 31. Rd4 Rf6 32. Kh2 Nf5 33. Nxf5 Rxf5 34.
Kg3 b5 35. cxb5 Bxb5 36. Nxd7 Bxd7 37. Rxd7 Rc5 38. Ra7 h6 39. Kf3 Rh5 40. a4
Kf8 41. Kg4 Rc5 42. Rb7 Rc4 43. b3 Rc3 44. Rb5 Kg7 45. Rxa5 Rxb3 46. Re5 Kf6
47. Re3 Rb4 48. Ra3 g5 49. hxg5+ hxg5 50. a5 Rxf4+ 51. Kg3 Rb4 52. a6 Rb8 53.
a7 Ra8 54. Kg4 Ke6 55. Kxg5 Kd6 56. f4 Kc6 57. f5 Kb7 58. f6 Rg8+ 59. Kf5 Ka8
60. f7 Rh8 61. Kf6 1-0

[Event "2019 Steve Boniface Memorial Congress O"]
[Site "Bristol"]
[Date "2019.06.22"]
[Round "2.18"]
[White "Cetens, Edward"]
[Black "Slade, Theodore"]
[Result "0-1"]
[WhiteElo "1850"]
[BlackElo "2125"]
[PlyCount "114"]
[EventDate "2019.06.21"]

1. d4 Nf6 2. g3 d5 3. Nf3 c5 4. c3 e6 5. Bg2 Be7 6. O-O O-O 7. Bg5 b6 8. Nbd2
Nc6 9. Re1 cxd4 10. cxd4 h6 11. Bf4 Bb7 12. Rc1 Rc8 13. a3 a5 14. Nb1 Bd6 15.
Bxd6 Qxd6 16. Qb3 Na7 17. Nc3 Rc7 18. Na4 Nd7 19. Rc3 Rxc3 20. Nxc3 Rc8 21. Nd2
Ba6 22. Bf1 b5 23. e3 a4 24. Qd1 Nb6 25. e4 Rd8 26. e5 Qd7 27. b3 Qc6 28. Qa1
Rc8 29. Rc1 Qb7 30. b4 Nc4 31. Nf3 Rd8 32. Bd3 Nc6 33. Ne2 Ne7 34. Rc3 Rc8 35.
Bb1 Nb6 36. Nc1 Rxc3 37. Qxc3 Qc8 38. Qb2 Nc4 39. Qa2 Nxe5 40. Nxe5 Qxc1+ 41.
Kg2 Qc3 42. Qc2 Qxc2 43. Bxc2 f6 44. Nd7 Nc6 45. Nc5 Bc8 46. Bd3 Nxd4 47. f4
Kf7 48. Kf2 e5 49. Ke3 Nf5+ 50. Kd2 Nd6 51. Be2 exf4 52. gxf4 Nc4+ 53. Bxc4
dxc4 54. Ne4 Bd7 55. Ke3 g5 56. fxg5 hxg5 57. Kd4 Kg6 0-1

[Event "2019 Steve Boniface Memorial Congress O"]
[Site "Bristol"]
[Date "2019.06.22"]
[Round "2.19"]
[White "Lovell, William Pm"]
[Black "Vaughan, Alex"]
[Result "0-1"]
[WhiteElo "1784"]
[BlackElo "1929"]
[PlyCount "49"]
[EventDate "2019.06.21"]

{[%evp 0,49,28,-2,47,20,13,-2,-2,-33,-24,-12,21,10,39,-8,19,3,17,16,21,28,24,
-46,6,-20,80,39,113,52,98,93,93,16,46,46,58,-60,-45,-193,-158,-404,-609,-609,
-609,-1303,-1303,-1291,-1438,-1569,-1569,-1569]} 1. c4 f5 2. g3 e5 3. Bg2 Nf6
4. Nf3 Nc6 5. a3 a5 6. d3 Bc5 7. e3 O-O 8. O-O d6 9. Nc3 Qe8 10. d4 Bb6 11. Qb3
Kh8 12. Nd5 Qh5 13. Qd1 g5 14. dxe5 dxe5 15. b3 f4 16. exf4 gxf4 17. Bb2 fxg3
18. hxg3 Ng4 19. Nh4 Rxf2 20. Rxf2 Bxf2+ 21. Kf1 Bxg3 22. Qf3 Nh2+ 23. Ke2 Bg4
24. Nf6 Bxf3+ 25. Nxf3 0-1

[Event "2019 Steve Boniface Memorial Congress O"]
[Site "Bristol"]
[Date "2019.06.22"]
[Round "2.20"]
[White "Jaszkiwskyj, Peter"]
[Black "Fielding, Michael"]
[Result "1-0"]
[WhiteElo "1922"]
[BlackElo "1784"]
[PlyCount "67"]
[EventDate "2019.06.21"]

1. d4 f5 2. Bg5 Nf6 3. Bxf6 exf6 4. e3 d5 5. c4 Be6 6. cxd5 Bxd5 7. Nc3 Be7 8.
Qc2 Be6 9. Bd3 g6 10. Nge2 O-O 11. O-O c6 12. Rfd1 Bd6 13. Rac1 Nd7 14. a3 Nb6
15. Na4 Kg7 16. Nc5 Bxc5 17. dxc5 Nd5 18. Nd4 Re8 19. Nxe6+ Rxe6 20. Bc4 Re5
21. Qb3 Qe7 22. Bxd5 Rxd5 23. Rxd5 cxd5 24. Qxd5 Rd8 25. Qc4 Rd2 26. b4 Qd7 27.
g3 Rd1+ 28. Rxd1 Qxd1+ 29. Kg2 a6 30. c6 bxc6 31. Qxc6 Qd3 32. a4 Qb3 33. b5
Qxa4 34. Qb7+ 1-0

[Event "2019 Steve Boniface Memorial Congress O"]
[Site "Bristol"]
[Date "2019.06.22"]
[Round "2.21"]
[White "Juciute, Einora"]
[Black "Kerr, Duncan"]
[Result "0-1"]
[WhiteElo "1741"]
[BlackElo "1900"]
[PlyCount "44"]
[EventDate "2019.06.21"]

{[%evp 0,44,24,25,11,29,23,25,28,-13,-10,-78,36,-4,12,-34,47,-44,-44,-44,-44,
-44,-44,-72,-55,-182,-188,-244,-237,-297,-297,-299,-299,-327,-327,-305,-314,
-358,-336,-506,-519,-647,-639,-29995,-29996,-29997,-29998]} 1. e4 e5 2. Nf3 Nc6
3. Bb5 a6 4. Ba4 Nf6 5. d4 Nxd4 6. Nxe5 Ne6 7. Nc3 Nc5 8. Bg5 Nxa4 9. Nxa4 Bb4+
10. c3 Be7 11. O-O O-O 12. Qd4 d6 13. Nf3 b5 14. e5 dxe5 15. Qxe5 bxa4 16. Rad1
Bd6 17. Qd4 Bb7 18. Ne5 Re8 19. Nc4 Re4 20. Qd3 Rg4 21. Be3 Rxg2+ 22. Kh1 Rxh2+
0-1

[Event "2019 Steve Boniface Memorial Congress O"]
[Site "Bristol"]
[Date "2019.06.22"]
[Round "2.22"]
[White "Miller, George I"]
[Black "Walker, Max"]
[Result "1-0"]
[WhiteElo "1896"]
[BlackElo "1694"]
[PlyCount "89"]
[EventDate "2019.06.21"]

{[%evp 0,89,32,30,29,0,35,35,32,37,37,18,27,18,19,2,30,-6,30,30,46,28,191,185,
224,201,201,163,157,115,180,165,180,143,224,185,214,207,214,186,200,179,177,
207,207,201,220,220,211,196,196,161,191,129,129,112,282,216,524,541,627,190,
190,190,122,180,190,190,348,351,351,364,941,392,646,364,441,363,392,416,472,
533,601,612,635,536,539,546,527,560,632,556]} 1. Nf3 Nf6 2. c4 g6 3. d4 Bg7 4.
Nc3 O-O 5. Bg5 d6 6. e3 Nbd7 7. Be2 c6 8. Qc2 Qc7 9. O-O e5 10. Rac1 Ne8 11.
Be7 f5 12. Bxf8 Nxf8 13. dxe5 dxe5 14. Rfe1 h6 15. c5 Kh8 16. b4 g5 17. Nd2 Nf6
18. Nc4 Be6 19. Nd6 e4 20. Bc4 Bxc4 21. Nxc4 Ng6 22. Nd6 Nh4 23. Qb3 Rf8 24.
Qe6 Ng4 25. Ne2 Ne5 26. Nd4 Nd3 27. Rb1 f4 28. Qxe4 Nxf2 29. Kxf2 fxe3+ 30.
Kxe3 Rf4 31. Qe8+ Rf8 32. Qe6 Nxg2+ 33. Kd2 Bxd4 34. Qxh6+ Kg8 35. Qxg5+ Kh8
36. Qh5+ Kg8 37. Qg4+ Qg7 38. Qxg7+ Kxg7 39. Rf1 Be3+ 40. Ke2 Rxf1 41. Rxf1 Bg5
42. Rf7+ Kg6 43. Rxb7 Nf4+ 44. Kf3 Nd5 45. a3 1-0

[Event "2019 Steve Boniface Memorial Congress O"]
[Site "Bristol"]
[Date "2019.06.22"]
[Round "2.24"]
[White "Fava, Achille"]
[Black "Harris, Calum"]
[Result "0-1"]
[WhiteElo "1529"]
[BlackElo "1756"]
[PlyCount "70"]
[EventDate "2019.06.21"]

1. e4 d6 2. d4 Nf6 3. Nc3 g6 4. f3 Bg7 5. Be3 O-O 6. Qd2 e5 7. Nge2 Nc6 8.
O-O-O exd4 9. Nxd4 a6 10. g4 Ne5 11. h3 b5 12. f4 Nc4 13. Bxc4 bxc4 14. g5 Nxe4
15. Nxe4 Bb7 16. Ng3 Bxh1 17. Rxh1 c5 18. Nde2 Qb6 19. c3 Rfe8 20. Rd1 Rab8 21.
Bf2 a5 22. Kb1 a4 23. a3 Qb3 24. Ka1 Rb7 25. Rc1 Reb8 26. Rc2 Qb5 27. Ne4 Qc6
28. N2g3 Bf8 29. Nf6+ Kg7 30. h4 Rb3 31. h5 Qb7 32. Qd1 Rxb2 33. Ne8+ Kg8 34.
Nf6+ Kh8 35. Rc1 Ra2+ 0-1

[Event "2019 Steve Boniface Memorial Congress O"]
[Site "Bristol"]
[Date "2019.06.22"]
[Round "3.1"]
[White "Willow, Jonah B"]
[Black "Makkar, Rajat"]
[Result "1-0"]
[WhiteElo "2338"]
[BlackElo "2122"]
[PlyCount "125"]
[EventDate "2019.06.21"]

1. Nc3 Nf6 2. e4 e5 3. Nf3 Nc6 4. Bb5 Bb4 5. O-O O-O 6. d3 d6 7. Bg5 Bxc3 8.
bxc3 Qe7 9. Re1 Nd8 10. d4 Ne6 11. Bc1 c5 12. Bd3 Rd8 13. d5 Nf8 14. Nd2 Ng6
15. Nc4 b5 16. Na5 Bd7 17. c4 a6 18. Bd2 Be8 19. a3 Bd7 20. Rb1 Rab8 21. Qe2
Qe8 22. g3 Rdc8 23. Qf1 Rb6 24. cxb5 axb5 25. c4 Rcb8 26. f3 h5 27. cxb5 Bxb5
28. Bxb5 Rxb5 29. Nc4 Rxb1 30. Rxb1 Rxb1 31. Qxb1 Qa4 32. Qd3 Ne8 33. Be3 h4
34. f4 hxg3 35. hxg3 f6 36. f5 Ne7 37. Nb2 Qa5 38. Bd2 Qa7 39. Kg2 Qb6 40. Nc4
Qa6 41. Nxe5 Qxd3 42. Nxd3 Nc8 43. Ba5 Kf7 44. Nf4 Na7 45. a4 Nc8 46. Kf3 Na7
47. Ke3 Ke7 48. Kd3 Kd7 49. Bb6 Nc8 50. a5 Nc7 51. Bxc7 Kxc7 52. Ne6+ Kb7 53.
Nxg7 Ka6 54. Ne8 Kxa5 55. Kc3 Kb5 56. Nxf6 Nb6 57. Ne8 Na4+ 58. Kc2 Kc4 59.
Nxd6+ Kd4 60. Nc8 c4 61. f6 Nc5 62. f7 Nd7 63. Nb6 1-0

[Event "2019 Steve Boniface Memorial Congress O"]
[Site "Bristol"]
[Date "2019.06.22"]
[Round "3.2"]
[White "Seymour, Timothy P"]
[Black "Beaumont, Chris R"]
[Result "1-0"]
[WhiteElo "2110"]
[BlackElo "2264"]
[PlyCount "77"]
[EventDate "2019.06.21"]

1. d4 d6 2. Nf3 g6 3. c4 Bg7 4. Nc3 Nf6 5. e3 O-O 6. Be2 Nbd7 7. O-O e5 8. Qc2
Re8 9. b4 e4 10. Nd2 Qe7 11. a4 Nf8 12. Bb2 h5 13. a5 Bf5 14. a6 b6 15. Rfc1
Ne6 16. Qd1 c5 17. bxc5 bxc5 18. Nb5 Rab8 19. Nb3 Rb6 20. Bc3 cxd4 21. N3xd4
Nc5 22. Nxf5 gxf5 23. Nd4 Qd7 24. Rcb1 Reb8 25. Rb5 h4 26. Ba5 Rxb5 27. cxb5
Ng4 28. b6 axb6 29. Bxb6 Ne5 30. Bb5 Qc8 31. a7 Ra8 32. Rb1 h3 33. Qh5 Qb7 34.
Bxc5 dxc5 35. Nxf5 Rxa7 36. gxh3 Nf3+ 37. Kg2 Ra6 38. Bc4 Qc7 39. Rb8+ 1-0

[Event "2019 Steve Boniface Memorial Congress O"]
[Site "Bristol"]
[Date "2019.06.22"]
[Round "3.3"]
[White "Xian, Junhao"]
[Black "Brozel, Sacha"]
[Result "0-1"]
[WhiteElo "2053"]
[BlackElo "2144"]
[PlyCount "142"]
[EventDate "2019.06.21"]

1. d4 Nf6 2. c4 e6 3. Nf3 Bb4+ 4. Nbd2 O-O 5. a3 Be7 6. e4 d5 7. e5 Nfd7 8. Bd3
c5 9. O-O Nc6 10. Re1 a5 11. b3 cxd4 12. cxd5 exd5 13. Qc2 h6 14. Bb2 Qb6 15.
Bf5 Nc5 16. Nxd4 Ne6 17. Nxe6 Bxe6 18. Nf3 Bc5 19. Bxe6 fxe6 20. Rac1 Bd4 21.
Nxd4 Nxd4 22. Bxd4 Qxd4 23. Re3 Ra6 24. Rd1 Rc6 25. Qe2 Qc5 26. a4 Qc2 27. h4
Rf5 28. Rd2 Qc1+ 29. Rd1 Qc5 30. Qg4 Qf8 31. Qe2 Qb4 32. g3 Rc3 33. Rdd3 Rc1+
34. Rd1 Rc6 35. Kg2 Qb6 36. Rf3 Rxf3 37. Qxf3 Rc2 38. Rd3 Qc5 39. h5 Qc7 40.
Qe3 Qf7 41. g4 Qe7 42. Qb6 Re2 43. Re3 Rxe3 44. Qxe3 Qb4 45. Kf3 b6 46. Qd3 Kf8
47. Qb5 Qe4+ 48. Kg3 Qxe5+ 49. Kg2 Qe4+ 50. Kg3 Qe5+ 51. Kg2 Qd6 52. Qa6 d4 53.
Qc8+ Kf7 54. Qb7+ Kg8 55. Qc8+ Kf7 56. Qb7+ Kf6 57. Qf3+ Ke7 58. Qb7+ Qd7 59.
Qxb6 d3 60. Qc5+ Ke8 61. Qc1 d2 62. Qd1 Qd3 63. f3 Ke7 64. Kf2 Kd6 65. f4 Kd5
66. g5 Kd4 67. gxh6 gxh6 68. Qa1+ Qc3 69. Qd1 Qe3+ 70. Kg2 Qe1 71. Qc2 Qe4+ 0-1

[Event "2019 Steve Boniface Memorial Congress O"]
[Site "Bristol"]
[Date "2019.06.22"]
[Round "3.4"]
[White "Merry, Alan B"]
[Black "Pugh, Derek C"]
[Result "1-0"]
[WhiteElo "2441"]
[BlackElo "2059"]
[PlyCount "53"]
[EventDate "2019.06.21"]

1. c4 e5 2. Nc3 Nc6 3. Nf3 f5 4. g3 d6 5. d4 e4 6. d5 Ne5 7. Nd4 Be7 8. f3 Nf6
9. Bg2 O-O 10. b3 Qe8 11. Qc2 exf3 12. exf3 Qh5 13. f4 Neg4 14. h3 Nh6 15. O-O
Ne4 16. Nxe4 fxe4 17. g4 Bxg4 18. hxg4 Nxg4 19. Bxe4 Bf6 20. Bb2 Rae8 21. Rae1
Bh4 22. Re2 Bg3 23. Ne6 Qh3 24. Bxh7+ Qxh7 25. Qxh7+ Kxh7 26. Nxf8+ Rxf8 27.
Kg2 1-0

[Event "2019 Steve Boniface Memorial Congress O"]
[Site "Bristol"]
[Date "2019.06.22"]
[Round "3.5"]
[White "Villiers, Thomas"]
[Black "Graham, Cassie M"]
[Result "1-0"]
[WhiteElo "2208"]
[BlackElo "1983"]
[PlyCount "87"]
[EventDate "2019.06.21"]

1. c4 Nf6 2. g3 g6 3. Bg2 Bg7 4. Nc3 d6 5. e4 O-O 6. Nge2 c5 7. O-O Nc6 8. d3
Rb8 9. Bg5 h6 10. Bd2 a6 11. Nd5 Nxd5 12. cxd5 Ne5 13. Qc2 Qb6 14. Bc3 Bg4 15.
f3 Bd7 16. Kh1 Bb5 17. Rfd1 Rfc8 18. a4 Be8 19. Qd2 Kh7 20. Bh3 Nxf3 21. Qf4
Nd4 22. Bxd4 cxd4 23. Bxc8 Rxc8 24. Qd2 h5 25. Rdc1 Bh6 26. Nf4 Rxc1+ 27. Qxc1
Bd7 28. Qc2 Qa5 29. b3 h4 30. Rf1 hxg3 31. hxg3 f6 32. Ne6 Bxe6 33. dxe6 Qe5
34. Kg2 Qxe6 35. Qc4 d5 36. Qxd5 Qxd5 37. exd5 Bd2 38. d6 exd6 39. Rxf6 Kg7 40.
Rxd6 Bc3 41. Rd7+ Kf6 42. Rxb7 a5 43. Kf3 Bb4 44. Rxb4 1-0

[Event "2019 Steve Boniface Memorial Congress O"]
[Site "Bristol"]
[Date "2019.06.22"]
[Round "3.6"]
[White "Munshi, Aditya"]
[Black "Williams, Stephen M"]
[Result "1-0"]
[WhiteElo "2108"]
[BlackElo "1899"]
[PlyCount "81"]
[EventDate "2019.06.21"]

{[%evp 0,33,19,31,32,29,31,19,76,65,74,70,105,116,116,114,129,120,170,170,152,
131,150,107,210,212,258,250,235,167,182,176,183,187,205,205]} 1. e4 d5 2. exd5
Nf6 3. d4 Bg4 4. Bb5+ c6 5. dxc6 bxc6 6. Be2 Bxe2 7. Nxe2 e5 8. O-O exd4 9.
Nxd4 Be7 10. Nf5 O-O 11. Bg5 Bc5 12. Nc3 Re8 13. Qxd8 Rxd8 14. Nxg7 Kxg7 15.
Bxf6+ Kxf6 16. Ne4+ Kf5 17. Nxc5 Rd5 18. Nb3 Na6 19. c3 Rad8 20. Nd4+ Rxd4 21.
cxd4 Rxd4 22. Rfd1 c5 23. a3 Ke4 24. Kf1 c4 25. Rxd4+ Kxd4 26. Rd1+ Ke4 27. Ke2
Nc5 28. f3+ Ke5 29. Ke3 f5 30. f4+ Ke6 31. Kd4 Nd3 32. Rxd3 cxd3 33. Kxd3 Kd5
34. b4 a6 35. a4 h5 36. h4 a5 37. bxa5 Kc5 38. g3 Kd5 39. a6 Kc6 40. a5 Kc7 41.
Kd4 1-0

[Event "2019 Steve Boniface Memorial Congress O"]
[Site "Bristol"]
[Date "2019.06.22"]
[Round "3.7"]
[White "Harris, Calum"]
[Black "Brown, Tom"]
[Result "0-1"]
[WhiteElo "1756"]
[BlackElo "2081"]
[PlyCount "82"]
[EventDate "2019.06.21"]

1. e4 c5 2. Nf3 g6 3. c3 Bg7 4. d4 cxd4 5. Nxd4 Nc6 6. Nxc6 bxc6 7. Bc4 Nf6 8.
e5 Nd5 9. Bxd5 cxd5 10. Qxd5 Rb8 11. e6 fxe6 12. Qc5 Qb6 13. Qxb6 Rxb6 14. O-O
d5 15. Nd2 e5 16. Nb3 O-O 17. Bg5 Bf6 18. Bh6 Rd8 19. Bd2 Ba6 20. Rfe1 Bc4 21.
Bc1 d4 22. cxd4 exd4 23. Bf4 Rd5 24. Nd2 Bd3 25. b3 g5 26. Bc7 Rc6 27. Bb8 Rc2
28. Nf3 Be2 29. Bxa7 d3 30. Rab1 g4 31. Nd2 Rxd2 32. b4 Rxa2 33. Be3 d2 34.
Bxd2 Rdxd2 35. b5 Bxb5 36. Rxb5 Rxf2 37. Rh5 Rxg2+ 38. Kh1 Kg7 39. Rb1 Kg6 40.
h4 Rh2+ 41. Kg1 Bd4+ 0-1

[Event "2019 Steve Boniface Memorial Congress O"]
[Site "Bristol"]
[Date "2019.06.22"]
[Round "3.8"]
[White "Graham, David B"]
[Black "Garcia Hernandez, Oscar"]
[Result "1/2-1/2"]
[WhiteElo "2173"]
[BlackElo "2068"]
[PlyCount "68"]
[EventDate "2019.06.21"]

1. e4 e6 2. d4 d5 3. Nd2 Be7 4. Bd3 c5 5. dxc5 Nf6 6. Qe2 Nc6 7. Ngf3 O-O 8. c3
e5 9. O-O Bg4 10. Rd1 d4 11. h3 Bh5 12. g4 Bg6 13. cxd4 exd4 14. Nb3 h5 15. g5
Nd7 16. Nbxd4 Nxd4 17. Nxd4 Bxg5 18. Nf3 Bxc1 19. Raxc1 Qe7 20. Qe3 Rfc8 21. b4
a5 22. a3 axb4 23. axb4 Ra3 24. Qd4 Nf8 25. Qe5 Re8 26. Qxe7 Rxe7 27. b5 Ne6
28. Ne5 Nf4 29. Nxg6 fxg6 30. Bf1 Rc7 31. c6 bxc6 32. bxc6 Kh7 33. Rd7 Ne6 34.
Bc4 Rxc6 1/2-1/2

[Event "2019 Steve Boniface Memorial Congress O"]
[Site "Bristol"]
[Date "2019.06.22"]
[Round "3.9"]
[White "Vaughan, Alex"]
[Black "Murphy, Conor E"]
[Result "0-1"]
[WhiteElo "1929"]
[BlackElo "2361"]
[PlyCount "62"]
[EventDate "2019.06.21"]

1. e4 c5 2. Nc3 Nc6 3. Bb5 Qc7 4. Nd5 Qa5 5. f4 Nd4 6. Bc4 e6 7. Ne3 b5 8. c3
bxc4 9. cxd4 cxd4 10. Nxc4 Qb4 11. b3 Ba6 12. Ba3 Qb7 13. Bxf8 Qxe4+ 14. Qe2
Qxe2+ 15. Nxe2 Kxf8 16. Nxd4 Nf6 17. d3 Nd5 18. O-O f6 19. a3 Rc8 20. g3 h5 21.
Rac1 h4 22. g4 h3 23. b4 Rh4 24. b5 Rxg4+ 25. Kh1 Bb7 26. Nd6 Rxc1 27. Rxc1
Nxf4+ 28. Nxb7 Nxd3 29. Nxe6+ dxe6 30. Rc2 Kg8 31. Rd2 Rc4 0-1

[Event "2019 Steve Boniface Memorial Congress O"]
[Site "Bristol"]
[Date "2019.06.22"]
[Round "3.10"]
[White "Slade, Theodore"]
[Black "Jaszkiwskyj, Peter"]
[Result "0-1"]
[WhiteElo "2125"]
[BlackElo "1922"]
[PlyCount "82"]
[EventDate "2019.06.21"]

1. d4 d5 2. c4 e6 3. Nc3 Be7 4. cxd5 exd5 5. Bf4 c6 6. Qc2 Nf6 7. h3 O-O 8. e3
Nbd7 9. Bd3 Re8 10. Nf3 Nf8 11. O-O Ng6 12. Bg5 Ne4 13. Bxe7 Qxe7 14. b4 Ng5
15. Nxg5 Qxg5 16. f4 Qe7 17. Rf3 Qxb4 18. f5 Nh4 19. Rf4 Qe7 20. Re1 g5 21.
Rff1 Qd6 22. Qf2 Qa3 23. Rc1 b5 24. g3 Ng2 25. Kxg2 b4 26. f6 bxc3 27. Qe2 h6
28. Qh5 Qf8 29. Rxc3 Rb8 30. Qe2 Bd7 31. Bc2 Kh8 32. Bf5 Bxf5 33. Rxf5 Re6 34.
Rc1 Kh7 35. Rcf1 Rb6 36. Rxg5 hxg5 37. Qh5+ Kg8 38. Qxg5+ Kh7 39. Rf4 Rb2+ 40.
Kf3 Rxe3+ 41. Kxe3 Qa3# 0-1

[Event "2019 Steve Boniface Memorial Congress O"]
[Site "Bristol"]
[Date "2019.06.22"]
[Round "3.11"]
[White "Krzyzanowski, Patryk"]
[Black "Miller, George I"]
[Result "1-0"]
[WhiteElo "2100"]
[BlackElo "1896"]
[PlyCount "53"]
[EventDate "2019.06.21"]

1. c4 f5 2. d4 Nf6 3. Nc3 e6 4. Bg5 Be7 5. Qc2 O-O 6. O-O-O c6 7. Bxf6 Bxf6 8.
e4 d5 9. exd5 exd5 10. cxd5 cxd5 11. Nxd5 Nc6 12. Nxf6+ Qxf6 13. Bc4+ Kh8 14.
Nf3 Bd7 15. Ne5 Nxe5 16. dxe5 Qe7 17. Qe2 Bc6 18. f3 a6 19. Kb1 b5 20. Bd5 Rac8
21. Bxc6 Rxc6 22. Rc1 Rfc8 23. Rxc6 Rxc6 24. Re1 Qg5 25. e6 Qe7 26. Qe5 Rd6 27.
Qxd6 1-0